Vyhliadky na rozšírenie eurozóny o krajiny V4 bakalárska práca

Salvato in:
Dettagli Bibliografici
Autore principale: Půček, Filip
Ente Autore: Národohospodárska fakulta EU. Katedra bankovníctva a medzinárodných financií
Altri autori: Zeman, Mário, 1993-
Natura: Libro
Lingua:slovacco
Pubblicazione: Bratislava 2021
Tags: Aggiungi Tag
Nessun Tag, puoi essere il primo ad aggiungerne!!

MARC

LEADER 00000nbm a2200000 4500
001 0275110
005 20220110114340.2
041 0 |a slo 
044 |a SK 
245 1 0 |a Vyhliadky na rozšírenie eurozóny o krajiny V4  |b bakalárska práca  |c Filip Půček ; školiteľ: Mário Zeman 
264 1 |a Bratislava  |c 2021 
300 |a 59 s. 
100 1 |a Půček, Filip 
700 1 |a Zeman, Mário, 1993- 
710 2 |a Národohospodárska fakulta EU. Katedra bankovníctva a medzinárodných financií